فهم الإسلام في ظلال الأصول العشرين للإمام حسن البنا / (رقم التسجيلة. 3417)
[ عرض عادي ]
| 000 -الفاتح | |
|---|---|
| عناصر البيانات ثابتة الطول | 00741cam a2200193 i 4500 |
| 005 - تاريخ ووقت آخر معاملة | |
| حقل ضبط | 20251116122435.0 |
| 008 - عناصر البيانات ثابتة الطول | |
| عناصر البيانات ثابتة الطول | 250721s1991 ua gr 000 0 ara d |
| 082 14 - رقم تصنيف ديوي العشري | |
| رقم التصنيف | 210 |
| رقم المادة | ج م ع |
| 100 1# - مدخل رئيسي – اسم شخصي | |
| الاسم الشخصي | عبد العزيز، جمعة أمين |
| علاقة الشخص بالعمل/ دوره | مؤلف. |
| 245 10 - بيان العنوان | |
| العنوان | فهم الإسلام في ظلال الأصول العشرين للإمام حسن البنا / |
| بيان المسؤولية | تأليف جمعة أمين عبد العزيز. |
| 250 ## - بيان الطبعة | |
| بيان الطبعة | الطبعة الثانية. |
| 264 31 - بيانات النشر، التوزيع…إلخ | |
| مكان النشر، التوزيع...إلخ | الإسكندرية : |
| اسم الناشر، الموزع...إلخ | دار الدعوة، |
| تاريخ النشر، التوزيع...إلخ | 1991. |
| 300 ## - الوصف المادي | |
| عدد الوحدات المكونة للوعاء | 378 صفحة. |
| 490 0# - بيان السلسلة | |
| عنوان السلسلة | في الفهم والتربية ؛ |
| رقم الوعاء في السلسلة | رقم 1. |
| 650 17 - مدخل إضافي بالموضوع - مصطلح موضوعي | |
| مصطلح موضوعي أو اسم جغرافي كعنصر مدخل | الإسلام. |
| 830 #0 - مدخل إضافي بالسلسلة-عنوان مقنن | |
| عنوان السلسسلة | في الفهم والتربية. |
| 942 ## - بيانات إضافية (كوها) | |
| نوع التنصيف | Dewey Decimal Classification |
| نوع المادة (كوها) | كتب |
| حالة السحب | حالة الفقدان | مصدر التصنيف | حالة التلف | غير قابل للإعارة | المكتبة الرئيسية | المكتبة الحالية | موقع الرف | تاريخ التزويد | الرقم المتسلسل | Total Checkouts | رقم الإستدعاء | الباركود | تاريخ آخر ظهور | تاريخ الفاتورة | نوع المادة (كوها) |
|---|---|---|---|---|---|---|---|---|---|---|---|---|---|---|---|
| Dewey Decimal Classification | المكتبة المركزية | المكتبة المركزية | الإعارة | 06/07/2004 | 189848 | 210 / ج م ع | 189848 | 28/07/2025 | 06/07/2004 | كتب |